Responses for Super Jeopardy! show #4 - Saturday, July 7, 1990

Super Jeopardy! semifinal game 1.

Contestants

[<< previous game]

Eric Newhouse, a student from Sioux City, Iowa

Eugene Finerman, a writer from Evanston, Illinois

Bob Verini, a playwright, actor, and director from New York City, New York

[next game >>]

Jeopardy! Round responses

STATE CAPITALS
SAINTS & SINNERS
ARTISTS
WORLD HISTORY
HODGEPODGE
SMITHS
    200 29
Austin

Eugene
    200 28
(Eric: It's about time!)

Martin Luther

Eric
    200 24
Wings

Eugene
    200 25
India

Bob
    200 30
Shanty

Eugene
    200 6
Captain John Smith

Eric
    400 27
(Bob: Why couldn't (the Daily Double) have been there?)

Augusta

Bob
    400 19
(Eugene: Who is Martha?)
(Alex: Nooo...sorrry!)
(Eugene: Serves me right - it wasn't my testament anyway!)
(Alex: Well Bob set me up!)

Mary Magdalene

Eugene
Triple Stumper
    400 21
George Washington

Bob
    400 20
Biafra

Eugene
    400 23
Legion of Honor

Bob
    400 5
Howard K. Smith

Triple Stumper
    1,000 26
(Bob: What is Little Rock...no, oh no!)
(Alex: Oh no indeed - what should you have said?)
(Bob: I don't remember, but it's not that!....oooh, sorry - I knew I was going to get punished!)

Montgomery (Alabama)

Bob
    600 17
St. Augustine

Bob
    600 18
Dogs

Eugene
    600 12
Ferdinand Magellan

Bob
    600 22
Fidelio

Eugene
    600 4
Liz Smith

Bob
    800 11
(Alex: And you're on the board.)
(Eugene: About time!)

Annapolis & Indianapolis

Eugene
    800 15
Henry VIII

Eric
    800 14
Vincent Van Gogh

Bob
    800 9
Papua New Guinea

Bob
    800 16
Dr. David Livingstone

Bob
    800 3
Stevie Smith

Bob
    1000 2
Trenton, New Jersey

Bob
    1000 13
Henry II

Eric
    1000 7
Edouard Manet

Eric
    1000 8
Albania

Eric
    1000 10
Robert Penn Warren

Eric
    1000 1
Betty Smith

Eric

Scores at the first commercial break (after clue 16):

Bob Eugene Eric
5,400 800 6,000

Scores at the end of the Jeopardy! Round:

Bob Eugene Eric
6,400 2,600 6,200

Double Jeopardy! Round responses

THE ANIMAL KINGDOM
MUSICAL THEATRE
JAPAN
ARCHITECTURE
DEMOCRATS
CLASSICAL LITERATURE
    500 14
Hart

Eugene
    500 21
Lincoln Center

Bob
    500 15
Hawaii

Eugene
    500 1
the Trojan War

Eric
    1000 9
Phantom of the Opera

Eric
    1000 5
Earthquakes

Bob
    1000 26
[The end-of-round signal sounds.]

Il Duomo

Eugene
    1000 13
Pat Schroeder

Bob
    1000 16
Pliny

Bob
    1500 8
Li'l Abner

Eugene
    1500 4
Tatami

Eric
    1500 23
Eero Saarinen

Eric
    1500 12
Ella Grasso

Eugene
    1500 17
Socrates

Eugene
    2000 24
(Eric: What is a caribou?)

American elk

Eric
Triple Stumper
    9,900 7
Barnum

Bob
    2000 2
Akira Kurosawa

Eric
    2000 22
(Alex: Yes, and we have a minute to go.)

Le Corbusier

Bob
    2000 11
Morris Udall

Eugene
    2000 18
(Bob: Who is Thuycidides?)

Herodotus

BobEric
    4,800 25
(Eric: What are sheep?)
(Alex: No, sorry, actually, it was to help the sheep because all of the land was being overgrazed by [*]; it was to get rid of the [*].)

rabbits

Eric
    2500 6
Lady in the Dark

Bob
    2500 3
Hokkaido

Eric
    2500 19
Louis Sullivan

Bob
    2500 10
Eugene McCarthy

Eugene
    2500 20
Horace

Eugene

Scores at the end of the Double Jeopardy! Round:

Bob Eugene Eric
24,800 16,100 10,400

[wagering suggestions for these scores]

Final Jeopardy! Round responses

GEOGRAPHY
(Alex: Bob, enjoy the rest of the summer, congratulations again & we'll see you in our big final match!)
EricWhat is Algeria?
10,400
EugeneWhat is Algeria?
5,000
BobWhat is Algeria?
7,401
Algeria (in Africa)

Final scores:

Bob Eugene Eric
32,201 21,100 20,800
Finalist 2nd place: $10,000 3rd place: $10,000

Game dynamics:

Coryat scores:

Bob Eugene Eric
17,900 16,100 15,200
20 R
(including 1 DD),
2 W
(including 1 DD)
16 R,
1 W
15 R,
2 W
(including 1 DD)

Combined Coryat: 49,200

[game clues] [game scores]

Game tape date: Unknown
The J! Archive is created by fans, for fans. Scraping, republication, monetization, and malicious use prohibited; this site may use cookies and collect identifying information. See terms. The Jeopardy! game show and all elements thereof, including but not limited to copyright and trademark thereto, are the property of Jeopardy Productions, Inc. and are protected under law. This website is not affiliated with, sponsored by, or operated by Jeopardy Productions, Inc. Join the discussion at JBoard.tv.